| 000 | 00948nam a2200301 a 4500 | ||
|---|---|---|---|
| 003 | AR-BaBNM | ||
| 005 | 20251128210300.0 | ||
| 008 | 082120s2002 ||||||||||||||000 | spa|| | ||
| 020 | _a84-7432-234-0 | ||
| 040 | _cAR-BaBNM | ||
| 100 | 1 | _aSacchetto, Pier Paolo | |
| 245 | 0 | 0 |
_aEl objeto informador _blos objetos en la escuela. Entre la comunicación y el aprendizaje |
| 250 | _a1ª ed. | ||
| 260 |
_aBarcelona _bGedisa _c1986 |
||
| 300 |
_a146 p. _bgráfs. |
||
| 490 | 0 | _aTemas de pedagogía y psicopedagogía. Renovacion pedagógica | |
| 500 | _aContiene cuadros y gráficos al final del libro | ||
| 650 | 4 | _aDIAGNOSTICO EDUCACIONAL | |
| 650 | 4 | _aORGANIZACION ESCOLAR | |
| 650 | 4 | _aPSICOANALISIS | |
| 650 | 4 | _aMARCO DE REFERENCIA INSTITUCIONAL | |
| 650 | 4 | _aHISTORIA INSTITUCIONAL | |
| 653 | _aINVESTIGACION EDUCATIVA | ||
| 653 | _aINSTITUCIONES EDUCATIVAS | ||
| 800 | 1 | _aTorrents, Mercedes | |
| 942 | _cBK | ||
| 998 | _cRaquel | ||
| 999 |
_c14774 _d14774 |
||